000 01234nam0a2200349 4500
001 RU\NLR\BIBL_A\022525267
005 20260420043339.0
010 _a978-5-6050193-7-4
_92000
021 _aRU
_bКН-П-25-009980
_9КН-П-25-1012
035 _a(NLR Aleph) 022525267
090 _a13671756
_c13671756
100 _a20250417d2025 k y0rusy50 ca
101 0 _arus
102 _aRU
105 _ay|||z|||000yy
181 0 _ai
_bxxxe
182 0 _an
200 1 _aМартин Скорсезе
_fМарат Шабаев
203 _aТекст
_bвизуальный
_cнепосредственный
210 _aСанкт-Петербург
_cСеанс (Л. Аркус)
_d2025
215 _a190, [1] с.
_d17
225 1 _aСеанс. Лица
_fЛ. Аркус
320 _aБиблиогр.: с. 190–191
333 _a16+ ; 18+
600 1 _aСкорсезе
_bМ.
_f1942
_gМартин
_91374334
_3RU\NLR\AUTH\66576108
686 1 _aЩ374.3(7США)6-85Скорсезе
700 1 _aШабаев
_bМ.
_gМарат
702 1 _4280
_7ca
_8rus
_aСкорсезе
_bМ.
_f1942-
_gМартин
_9116536
_3RU\NLR\AUTH\776585
942 _cBOOK
980 _aNB